Nu lan wu hao : Woman basketball player no. 5 /

Story about a trainer and his star player who has a wrong concept of the sport due to the influences of her family and friends. The trainer works with her patiently to develop her skills and her pride in herself and her country.

Bibliographic Details
Corporate Authors: China Film Export-Import Corporation, China Video Movies Distributing Co
Other Authors: Chiung, Liu, Yi, Chin, Chi-wei, Tsao, Jin, Xie
Format: Video VHS
Language:Chinese
Series:China video movies.
Subjects:

MARC

Tag First Indicator Second Indicator Subfields
LEADER 00000cgm a2200000 a 4500
001 in00000024939
005 20151007055648.0
007 vf cbahou
008 880809p19891957xxu095 g vlchi d
035 |a (OCoLC)18329734 
035 |9 AAB8912AM 
040 |a TXA  |c TXA  |d UIU  |d TXA  |d UtOrBLW 
041 |a chi  |j eng 
049 |a TXAV [A10162403] 
090 |a PN1995.9.F67  |b N8 1983 
092 0 |a 791.4372  |b N8791  |2 20 
245 0 0 |a Nu lan wu hao :  |b Woman basketball player no. 5 /  |c China Film Export and Import Corporation ; directed by Xie Jin ; screenplay by Xie Jin. 
264 2 |a Palo Alto, CA :  |b China Video Movies Distributing Co.,  |c [1983?] 
300 |a 1 videocassette (95 min.) :  |b sound, color ;  |c 1/2 in. 
336 |a two-dimensional moving image  |b tdi  |2 rdacontent 
337 |a video  |b v  |2 rdamedia 
338 |a videocassette  |b vf  |2 rdacarrier 
490 1 |a China video movies 
538 |a VHS. 
511 1 |a Liu Chiung, Chin Yi, Tsao Chi-wei, Yu Ming-te, Tsui Tsao-min, Wang Chi. 
508 |a Camera, Huang Shao-fen and Shen Hsi-lin ; music, Huang Chun. 
500 |a Videocassette release of the 1957 motion picture. 
500 |a Chinese with English subtitles. 
521 |a Chinese. 
520 |a Story about a trainer and his star player who has a wrong concept of the sport due to the influences of her family and friends. The trainer works with her patiently to develop her skills and her pride in herself and her country. 
500 |a "1054." 
500 |a Videorecording. 
650 0 |a Foreign films. 
650 0 |a Feature films. 
700 1 |a Chiung, Liu. 
700 1 |a Yi, Chin. 
700 1 |a Chi-wei, Tsao. 
700 1 |a Jin, Xie. 
710 2 |a China Film Export-Import Corporation. 
710 2 |a China Video Movies Distributing Co. 
740 0 |a Woman basketball player no. 5. 
830 0 |a China video movies. 
999 |a MARS 
999 f f |s 4558f975-efda-3c52-a341-78f2b2580298  |i 76987002-4e80-36f2-b477-0aa3c165c77c  |t 0 
952 f f |p ric  |a Texas A&M University  |b Rellis Campus  |c Joint Library Facility  |d Remote Storage  |t 0  |e PN1995.9.F67 N8 1983  |h Library of Congress classification  |i video -- videocassette  |m A14810162403 
998 f f |a PN1995.9.F67 N8 1983  |t 0  |l Remote Storage